000 01269nam a2200229 i 4500
001 136858
003 ES-MaACL
005 20250824030112.0
007 t|
008 070214s1942 sp a |||| |dspa d
080 _a821.134.2-2 (082.2)
245 0 3 _aEl teatro español :
_bhistoria y antología : (desde sus orígenes hasta el siglo XIX) /
_cestudios, retratos literarios, notas, selección y apéndices de Federico Carlos Sainz de Robles ; [ornamentaciones de A.P. Palacios].
250 _a1ª ed.
260 _aMadrid :
_bM. Aguilar,
_c1942.
300 _a7 v. :
_bil. ;
_c14 cm.
505 8 _aContiene: I. Desde Rodrigo de Cota hasta Cervantes - II. El Siglo de Oro: ciclo de Lope de Vega - III. El Siglo de Oro: ciclo de Calderón - IV. El Siglo de Oro: dramaturgos de segundo orden de los ciclos de Lope y de Calderón - V. El teatro español del siglo XVIII - VI. El teatro español del siglo XIX: ciclo romántico - VII. El teatro español del siglo XIX: ciclo realista: la zarzuela española y el "género chico"
650 4 _aTeatro español-
_xHistoria y crítica.
_9136908
650 7 _aTeatro español
_2embne
_9136907
700 1 _aSainz de Robles, Federico Carlos,
_d1898-1982
_9101593
852 _aES-MaACL
_jD-6207-13
999 _c136858
_d136858